01294cam a22002895a 45000010009000000050017000090080041000260100017000670200025000840200022001090400029001310420008001600820022001682450086001902460022002762500012002982600064003103000048003745200271004226500044006936510010007376530024007477000039007719420026008109990017008369520151008531820188920160823125051.0140626s2014 moua fr d 000 0 eng d a 2014397715 a9780323100120 (pbk.) a0323100120 (pbk.) aDLCbengdEG-ScBUE cDLC apcc04222a617.6003bMOS00aMosby's dental dictionary /ceditorial board, David R. Avery [and eleven others].30aDental dictionary a3rd ed. aSant Louis, Missouri :bMosby, Inc. / Elsevier inc.,c2014. axi, 791 p. :bill. (chiefly col.) ;c21 cm. aDesigned for use by the entire dental team, this title includes more than 10,000 terms and 300 full-color illustrations. It features terms, more pronunciations, and extensive appendices for quick, easy-to-use access to information used daily in the clinical setting. 7aDentistry vDictionaries.2BUEsh940808 2BUEsh bDDentcAugust 2016 1 aAvery, David R.‏ 940809eeditor 2ddce22k617.6003 MOS c22187d22159 00102ddc40708AcademicaMAINbMAINc0THd2016-08-21ePurchaseg495.50h9126l0o617.6003 MOSp000033189r2025-07-15 00:00:00v619.38yREFERENCE